000 00444nam a22001697a 4500
003 DO-SdBNP
005 20171128113400.0
008 171128b pr||||| |||| 00| 0 spa d
040 _aBPMSU
_bspa
_cBPMSU
100 _aSerra Deliz , Wenceslao
245 _aMemoria /
_cWenceslao Serra Deliz
260 _aRio Piedra
_bEdil
_c1970
300 _a55 p.
_c20 cm
942 _2ddc
_cBK
945 _ainventariado extranjenjero / DG
956 _adgarcia
999 _c13161
_d13161